Holenderscy sportowcy - nagła śmierć - Statystyki

Ogólne statystyki
  • Ten quiz został rozwiązany 136 razy
  • Średni wynik to 8 z 20
Answers on the Grid
Answers color-coded by a green-red scale on the quiz's grid according to % correct below.
Arjen Robben
Eden Hazard
Max Verstappen
David Alaba
Zlatan Ibrahimović
Kim Clijsters
Johan Cruyff
Marco van Basten
Mario Götze
Kevin De Bruyne
Robin van Persie
Niki Lauda
Wesley Sneijder
Femke Bol
Roger Federer
Kimi Räikkönen
Virgil van Dijk
Johannes Høsflot Klæbo
Edwin van der Sar
Sven Kramer
Marko Arnautović
Ireen Wüst
Simon Ammann
Joshua Kimmich
Clarence Seedorf
Sifan Hassan
Marc Gual
Fabian Cancellara
Patrick Roest
Marianne Vos
Dafne Schippers
Marco Odermatt
Mathieu van der Poel
Manuel Neuer
Peter Forsberg
Nadine Visser
Sarah Sjöström
Rico Verhoeven
Liemarvin Bonevacia
Frida Karlsson
 
Statystyki odpowiedzi
Odpowiedź % Poprawnych
Arjen Robben
96%
Max Verstappen
79%
Johan Cruyff
76%
Marco van Basten
70%
Virgil van Dijk
63%
Robin van Persie
58%
Wesley Sneijder
58%
Edwin van der Sar
55%
Clarence Seedorf
48%
Femke Bol
36%
Mathieu van der Poel
30%
Rico Verhoeven
30%
Dafne Schippers
25%
Marianne Vos
24%
Nadine Visser
24%
Ireen Wüst
16%
Patrick Roest
16%
Sifan Hassan
16%
Liemarvin Bonevacia
12%
Sven Kramer
12%
Nie znaleziono quizów pasujących do podanych kryteriów
Rozkład punktacji
Procent ludzi z każdym wynikiem
Percentyl według liczby udzielonych odpowiedzi
Twoja historia wyników
Nie rozwiązałeś tego quizu